=LDR 00000nam 2200000 4500 =001 INLIS000000000047043 =005 20150703104121.0 =006 =007 =008 =035 ##$$0010-071500000000013 =082 ##$$a 372.651 =090 ##$$a 372 tau a.5 =100 ##$$a m. taufiq =245 ##$$a ayo mengurutkan benda =260 ##$$a citra ajji parama =300 ##$$a hln.32 =850 ##$$a NPBMAT =990 ##$$a 2090100930/BPAP-NTB/2015